000 00555nam a2200181Ia 4500
008 240729s9999 xx 000 0 und d
022 _a2636-3232
245 0 _aNILES Journal for Geriatric and Gerontology
260 _aEgypt
260 _bBeni-Suef University, National Institute of Longevity Elderly Sciences
650 _a Geriatrics
650 _a Internal medicine
650 _a Special situations and conditions
650 _aMedicine
856 _uhttps://doaj.org/toc/1e0fd74e56714981a1cf7f95f6d9cfa2
942 _2ddc
942 _cDOAJEJ
999 _c69673
_d69673
945 _a1
_bMadushi Gamage
_c1
_dMadushi Gamage